[Event "St Petersburg Botvinnik 100 op"]
[Site "St Petersburg"]
[Date "2011.08.17"]
[Round "6"]
[White "Kaganov, Dmitry"]
[Black "Tugarin, Anton"]
[Result "0-1"]
[WhiteElo "2160"]
[BlackElo "1976"]
[PlyCount "50"]
[EventDate "2011.08.12"]
[EventType "swiss"]
[EventRounds "9"]
[EventCountry "RUS"]
[SourceTitle "CBM 143 Extra"]
[Source "ChessBase"]
[SourceDate "2011.08.29"]
[SourceVersion "1"]
[SourceVersionDate "2011.08.29"]
[SourceQuality "1"]

1. d4 d5 2. c4 c6 3. Nf3 Nf6 4. e3 a6 5. Nc3 b5 6. cxd5 cxd5 7. Bd3 Bg4 8. h3 Bh5 9. a4 b4 10. Na2 e6 11. Bd2 a5 12. Bb5+ Nfd7 13. g4 Bg6 14. Ne5 Bd6 15. h4 Bxe5 16. dxe5 h5 17. Rc1 Kf8 18. f4 Be4 19. Rh2 hxg4 20. Qxg4 Nc5 21. h5 Nbd7 22. Ke2 Bf5 23. Qg3 Ne4 24. Qh4 Qxh4 25. Rxh4 Ndc5 0-1

[Event "RUS-ch Seniors"]
[Site "Odintsovo"]
[Date "2008.10.10"]
[Round "8"]
[White "Sambursky, Vladimir"]
[Black "Kaganov, Dmitry"]
[Result "0-1"]
[WhiteElo "2272"]
[BlackElo "2115"]
[PlyCount "128"]
[EventDate "2008.10.02"]
[EventType "swiss"]
[EventRounds "9"]
[EventCountry "RUS"]
[SourceTitle "CBM 127 Extra"]
[Source "ChessBase"]
[SourceDate "2009.01.08"]
[SourceVersion "2"]
[SourceVersionDate "2009.01.28"]
[SourceQuality "1"]

1. e4 e6 2. d4 d5 3. Nc3 Bb4 4. a3 Bxc3+ 5. bxc3 dxe4 6. Qg4 Nf6 7. Qxg7 Rg8 8. Qh6 c5 9. Bb2 Rg6 10. Qe3 Qc7 11. dxc5 Nbd7 12. Ne2 Nxc5 13. c4 Na4 14. Bxf6 Rxf6 15. 0-0-0 Qc5 16. Rd4 Bd7 17. Ng3 Bc6 18. Be2 Rd8 19. Rhd1 Rxd4 20. Rxd4 Ke7 21. Bd1 e5 22. Rd2 Qxe3 23. fxe3 Nb6 24. Be2 Rf2 25. Bf1 Rxd2 26. Kxd2 Ke6 27. Kc3 f5 28. Ne2 Kd6 29. g3 Nd7 30. Nc1 Nf8 31. Bh3 Bd7 32. Nb3 b6 33. a4 Ng6 34. a5 Ne7 35. axb6 axb6 36. Bf1 Ng6 37. Kb4 f4 38. c5+ bxc5+ 39. Nxc5 Bc6 40. gxf4 exf4 41. exf4 Nxf4 42. Nb3 Nd5+ 43. Ka3 Ne3 44. Be2 Nxc2+ 45. Kb2 Ne1 46. Kc3 Ke5 47. Kd2 Ng2 48. Bc4 Be8 49. Ke2 Kf4 50. Nd4 Bd7 51. Kf2 Nh4 52. Ne2+ Ke5 53. Bg8 h6 54. Bc4 Nf3 55. Kg3 Nd4 56. Ng1 Bb5 57. Bxb5 Nxb5 58. Kg4 Nd4 59. Kh5 Nf3 60. Ne2 Nxh2 61. Kxh6 e3 62. Kg5 Ke4 63. Ng3+ Kd3 64. Kf4 Nf1 0-1

[Event "RUS-ch Seniors"]
[Site "Odintsovo"]
[Date "2008.10.03"]
[Round "2"]
[White "Khavsky, Sergey V"]
[Black "Kaganov, Dmitry"]
[Result "1-0"]
[WhiteElo "2314"]
[BlackElo "2115"]
[PlyCount "60"]
[EventDate "2008.10.02"]
[EventType "swiss"]
[EventRounds "9"]
[EventCountry "RUS"]
[SourceTitle "CBM 127 Extra"]
[Source "ChessBase"]
[SourceDate "2009.01.08"]
[SourceVersion "2"]
[SourceVersionDate "2009.01.28"]
[SourceQuality "1"]

1. e4 d6 2. d4 Nf6 3. Nc3 g6 4. Be2 Bg7 5. Be3 c6 6. a4 Qa5 7. Qd2 0-0 8. h3 Na6 9. Nf3 b5 10. Bd3 b4 11. Ne2 c5 12. Bh6 c4 13. Bxg7 Kxg7 14. Bxc4 Nxe4 15. Qe3 Bb7 16. 0-0 Nc7 17. Nc1 Qh5 18. a5 f5 19. a6 Bd5 20. Qb3 e6 21. Qxb4 Rab8 22. Qa5 Rf7 23. Be2 Qh6 24. c4 Ba8 25. Qc3 g5 26. Nh2 Qf6 27. Rd1 Rb6 28. b4 Rxa6 29. Qb2 Rxa1 30. Qxa1 Ne8 1-0

[Event "St Petersburg June op"]
[Site "St Petersburg"]
[Date "2008.06.27"]
[Round "7"]
[White "Kaganov, Dmitry"]
[Black "Nugaev, Nail"]
[Result "1/2-1/2"]
[WhiteElo "2106"]
[BlackElo "1985"]
[PlyCount "80"]
[EventDate "2008.06.21"]
[EventType "swiss"]
[EventRounds "9"]
[EventCountry "RUS"]
[SourceTitle "CBM 125 Extra"]
[Source "ChessBase"]
[SourceDate "2008.09.01"]
[SourceVersion "1"]
[SourceVersionDate "2008.09.01"]
[SourceQuality "1"]

1. d4 Nf6 2. c4 c5 3. d5 e6 4. Nc3 exd5 5. cxd5 d6 6. g3 g6 7. Bg2 Bg7 8. Nf3 0-0 9. Nd2 Qe7 10. Nc4 Rd8 11. 0-0 Nfd7 12. h3 Ne5 13. Ne3 f5 14. Re1 Nf7 15. Nc4 Ne5 16. Qb3 Nbd7 17. Ne3 Nf7 18. Kh2 Rb8 19. a4 Be5 20. Nc4 Bg7 21. Bd2 Nde5 22. f4 Nxc4 23. Qxc4 a6 24. e4 Qc7 25. exf5 Bxf5 26. g4 Bd7 27. g5 Re8 28. Bf3 Bf5 29. Bg4 Qd7 30. Kg3 h5 31. Bxf5 Qxf5 32. Re2 Bd4 33. Rae1 Rxe2 34. Rxe2 Rf8 35. Ne4 Kg7 36. Bc3 Qxf4+ 37. Kxf4 Ne5+ 38. Nf6 Nxc4 39. Re7+ Rf7 40. Re8 Rf8 1/2-1/2

[Event "St Petersburg June op"]
[Site "St Petersburg"]
[Date "2008.06.26"]
[Round "6"]
[White "Golovankov, Vladimir"]
[Black "Kaganov, Dmitry"]
[Result "1-0"]
[WhiteElo "2282"]
[BlackElo "2106"]
[PlyCount "75"]
[EventDate "2008.06.21"]
[EventType "swiss"]
[EventRounds "9"]
[EventCountry "RUS"]
[SourceTitle "CBM 125 Extra"]
[Source "ChessBase"]
[SourceDate "2008.09.01"]
[SourceVersion "1"]
[SourceVersionDate "2008.09.01"]
[SourceQuality "1"]

1. d4 Nf6 2. Nc3 c5 3. d5 d6 4. e4 g6 5. Nf3 Bg7 6. Be2 0-0 7. 0-0 Na6 8. h3 Nc7 9. Bf4 b5 10. Nd2 a6 11. Bf3 Nd7 12. Bg5 h6 13. Bh4 a5 14. Re1 a4 15. a3 Rb8 16. Be2 g5 17. Bg3 Ne5 18. h4 Bd7 19. hxg5 hxg5 20. Nf1 Bf6 21. Ne3 Kg7 22. Bg4 Nxg4 23. Nxg4 Bxg4 24. Qxg4 Qc8 25. Qf3 Ne8 26. Nd1 Rh8 27. e5 dxe5 28. Bxe5 Nd6 29. c3 Qf5 30. Qxf5 Nxf5 31. Bxb8 Rxb8 32. Ne3 Kg6 33. Ng4 b4 34. axb4 cxb4 35. Nxf6 bxc3 36. bxc3 Kxf6 37. Rxa4 Rc8 38. c4 1-0

[Event "St Petersburg June op"]
[Site "St Petersburg"]
[Date "2008.06.21"]
[Round "1"]
[White "Kaganov, Dmitry"]
[Black "Zaitsev, Igor A"]
[Result "1/2-1/2"]
[WhiteElo "2106"]
[BlackElo "2437"]
[PlyCount "64"]
[EventDate "2008.06.21"]
[EventType "swiss"]
[EventRounds "9"]
[EventCountry "RUS"]
[SourceTitle "CBM 125 Extra"]
[Source "ChessBase"]
[SourceDate "2008.09.01"]
[SourceVersion "1"]
[SourceVersionDate "2008.09.01"]
[SourceQuality "1"]

1. d4 d5 2. Nf3 Bf5 3. c4 Bxb1 4. Rxb1 c6 5. Qb3 Qb6 6. c5 Qxb3 7. axb3 Nd7 8. b4 a6 9. Bf4 Ngf6 10. h3 g6 11. e3 Bg7 12. Bd3 0-0 13. g4 Ne8 14. g5 f6 15. gxf6 exf6 16. h4 Rc8 17. h5 g5 18. Bg3 Bh6 19. Bf5 Rf7 20. Be6 Ng7 21. Bxf7+ Kxf7 22. Nd2 Re8 23. Nb3 Nf5 24. Na5 Nxg3 25. fxg3 Rb8 26. g4 Bf8 27. Ke2 Be7 28. Kd3 Nf8 29. Rhf1 Ne6 30. Rf2 Nc7 31. Rf5 Bd8 32. Rbf1 Ke6 1/2-1/2